00901nam a2200193 4500003000900000020001800009040002800027082001900055100001800074245010000092260002800192300007400220490008400294500016500378650004900543650004700592650004800639700002000687CO-ViMGA a9789588787947 aCO-ViMGAbspacCO-ViMGA04a363.739 bM87c1 aMurphy, Glenn10aCalentamiento global : / bel agua un bien escaso/cGlenn Murphy ; ilustraciones Lionel Portier aBogotá : bMonserrate a64 páginas b ilustraciones, fotografías, mapas en color ; 27 cm. a Plan Nacional de Lectura y Escritura Leer es mi Cuento / Ministerio de Cultura aIncluye glosario e índice \ Recomendado para un público mayor de 12 años \ Título original: Water \ Incluye datos biográficos del autor en la cubierta14aAbastecimiento De Agua - Literatura Infantil14aCalentamiento Global - Literatura Infantil14aConservacion Del Agua - Literatura Infantil1 aPortier, Lionel